000 00733nam a2200253Ia 4500
003 OSt
005 20220912144937.0
006 a|||||r|||| 00| 0
007 ta
008 220909b |||||||| |||| 00| 0 eng d
024 _a68885
037 _cTextual
040 _aCSL
_beng
_cCSL
041 _aeng
082 _aB28930abD65,8(B), 113L2
100 _aKohlas J
245 0 _aMonte carlo simulation in operations research
260 _aBerlin
_bSpringer-Verlag
_c1972
300 _avi, 162p.
_ccm.
490 _aLecture notes in economics and mathematical system; 63
650 _aOperational research
942 _hB28930abD65,8(B), 113L2
_cTEXL
_2CC
999 _c19539
_d19539